[Event "USA-ch"]
[Site "Long Beach"]
[Date "1993.??.??"]
[Round "9"]
[White "Christiansen, Larry Mark"]
[Black "Shabalov, Alexander"]
[Result "0-1"]
[WhiteElo "2555"]
[BlackElo "2590"]
[Annotator "Ftacnik,L"]
[PlyCount "76"]
[EventDate "1993.12.??"]
[EventType "tourn"]
[EventRounds "11"]
[EventCountry "USA"]
[EventCategory "14"]
[SourceTitle "CBM 039"]
[Source "ChessBase"]
[SourceDate "1994.04.01"]
[SourceVersion "1"]
[SourceVersionDate "1994.04.01"]
[SourceQuality "1"]

1. c4 c5 2. Nf3 b6 3. Nc3 Bb7 4. e3 Nf6 5. d4 cxd4 6. exd4 e6 7. a3 d5 8. cxd5
Nxd5 9. Bb5+ Bc6 10. Bd3 Nxc3 11. bxc3 Nd7 12. O-O Be7 13. Re1 O-O 14. Bf4 Re8
15. Re3 g6 16. Qe2 Bb7 17. Re1 (17. Rxe6 $6 fxe6 18. Qxe6+ Kg7 19. Bb5 Nf6 $17)
17... Bxa3 18. Ng5 Nf8 19. h4 (19. Rh3 Bd6 20. Nxh7 Bxf4 $5 (20... Nxh7 21.
Rxh7 Kxh7 22. Qh5+ Kg8 23. Bxg6 fxg6 24. Qxg6+ Kh8 25. Re5 $18)) 19... Bd6 20.
Bxd6 Qxd6 21. h5 Qf4 22. Re5 Rac8 (22... f6 $2 23. g3 $18) 23. g3 Qf6 24. Be4
Bxe4 25. Nxe4 Qe7 26. hxg6 hxg6 27. d5 f6 28. Rxe6 Nxe6 29. d6 Qf8 $1 (29...
Qd8 30. d7 Re7 31. dxc8=Q Qxc8 32. Nxf6+ Kg7 33. Nd5 Re8 34. Qe5+ Kf7 35. Qf6+
Kg8 36. Qxg6+ $18) 30. d7 Rcd8 31. dxe8=Q Rxe8 32. Qa2 (32. Qg4 $5) 32... Kh8
33. Rd1 (33. Kg2 Kg7 $1) (33. Qxa7 Nc5 $1) 33... Re7 34. c4 Kg7 35. Qb2 Nc5 36.
Nc3 Qe8 37. Rd6 $2 (37. Nd5 Re1+ 38. Rxe1 Qxe1+ 39. Kh2 Ne4 $17) 37... Re1+ 38.
Kg2 Qh8 $1 0-1

[Event "Selfoss Milk Masters 1st"]
[Site "Selfoss"]
[Date "2002.10.11"]
[Round "4"]
[White "Olafsson, Helgi"]
[Black "Hracek, Zbynek"]
[Result "0-1"]
[WhiteElo "2476"]
[BlackElo "2607"]
[Annotator "Ftacnik,L"]
[PlyCount "110"]
[EventDate "2002.10.08"]
[EventType "tourn"]
[EventRounds "9"]
[EventCountry "ISL"]
[EventCategory "12"]
[SourceTitle "CBM 092"]
[Source "ChessBase"]
[SourceDate "2003.02.06"]
[SourceVersion "1"]
[SourceVersionDate "2003.02.06"]
[SourceQuality "1"]

1. Nf3 Nf6 2. c4 b6 3. d4 e6 4. a3 Ba6 5. Qc2 Bb7 6. Nc3 c5 7. e4 cxd4 8. Nxd4
Bc5 9. Nb3 Nc6 10. Bg5 h6 11. Bh4 Nd4 12. Nxd4 Bxd4 13. Bd3 Be5 14. Bg3 Qb8 15.
O-O Bxg3 16. hxg3 h5 {Hracek wants to open up the h file, but white can build
up in the center.} 17. Rad1 h4 18. gxh4 (18. Qe2 hxg3 19. e5 Rh2 $15) 18...
Rxh4 19. g3 Rg4 (19... Rh6 20. Kg2 Qe5 21. Rh1 $11) 20. Kg2 Ke7 21. Rfe1 (21.
Rh1 Qe5 22. Rde1 Rc8 $13) 21... Qc7 22. Re3 Rh8 23. Be2 (23. Rh1 Rxh1 24. Kxh1
a6 $11) 23... Rg6 24. Bf3 (24. Rh1 Rxh1 25. Kxh1 Rh6+ 26. Kg2 a6 27. Qd3 d6 $15
) 24... Rgh6 25. Qd3 g5 (25... a6 26. e5 Ng4 27. Qd6+ Kd8 28. Qxc7+ Kxc7 29.
Bxb7 Nxe3+ 30. fxe3 Kxb7 31. Rxd7+ Kc6 32. Rxf7 $11) 26. Nb5 Qc5 $6 {Black is
truly playing with fire and should have been punished for this reckless
decision.} (26... Qe5 27. Kg1 $13) 27. Kf1 (27. e5 $1 Bxf3+ (27... Ng4 28. Bxb7
Nxe3+ 29. fxe3 $16) 28. Kxf3 Qc6+ 29. Ke2 Ng4 30. Nxa7 Qb7 31. Qd6+ Ke8 32. Nb5
$16) 27... g4 28. Bg2 Rh2 29. Qd6+ (29. b4 Qe5 30. Qd6+ Qxd6 31. Nxd6 $11)
29... Qxd6 30. Nxd6 Bc6 31. b4 Ne8 (31... e5 32. b5 Ba8 33. Nf5+ Kd8 34. Nh4
$14) 32. Nc8+ Kd8 33. Nxa7 Bb7 34. Nb5 f5 35. Rd2 (35. Nc3 Nf6 36. Rd6 Bc6 37.
b5 Ne8 38. Rd1 Bb7 39. Na4 $16) 35... e5 36. Red3 (36. Nc3 Nf6 37. Red3 (37.
Rd6 f4 38. gxf4 exf4 39. Rxb6 Bc6 40. Rb8+ Kc7 41. Rxh8 Rxh8 42. Rd3 f3 43.
Bxf3 gxf3 44. Rxf3 Nxe4 $11) 37... fxe4 38. Re3 Ke7 39. Bxe4 Nxe4 40. Nxe4 $14)
36... R8h7 37. Kg1 $2 {[%mdl 8192] Olafsson gives up the full tempo, pawn and
an advantage to his opponent. Not a bad score for one modest king move!} (37.
Nc3 f4 (37... Nf6 38. Rd6 Nxe4 39. Nxe4 Rxg2 40. Nf6 Rh1+ 41. Ke2 Bf3+ 42. Kd3
Ra1 43. Rxd7+ Kc8 44. Kc3 $18) 38. gxf4 exf4 39. f3 g3 40. Ne2 R2h4 41. e5 Nc7
42. Rd6 $16) 37... Rxg2+ $1 38. Kxg2 Bxe4+ 39. Kf1 (39. f3 gxf3+ 40. Rxf3 Nf6
41. Nd6 Ng4 42. Nxe4 fxe4 43. Rf8+ Ke7 44. Rg8 Rh2+ 45. Kg1 Rxd2 46. Rxg4 Rd4
$15) 39... Bf3 40. Rxf3 $8 gxf3 41. Kg1 Nf6 42. Nd6 f4 $1 {Black has now every
reason to believe, that he can win the game.} 43. gxf4 (43. c5 fxg3 44. fxg3
bxc5 45. bxc5 e4 46. Rb2 Kc7 $19) 43... Rg7+ 44. Kh1 (44. Kf1 e4 45. Rd4 Rh7
46. Ke1 e3 47. fxe3 Ng4 48. Ne4 Rh2 $17) 44... Rh7+ 45. Kg1 Rg7+ 46. Kh1 e4 47.
Nf5 (47. Rd4 e3 48. fxe3 f2 49. Rd1 Ng4 50. Rf1 Rh7+ 51. Kg2 Nxe3+ 52. Kxf2
Nxf1 53. Kxf1 Rh4 $15) 47... Rh7+ 48. Kg1 Nh5 $1 49. Rd1 (49. Ng3 Nxg3 50. fxg3
e3 51. Rc2 Rh1+ $1 52. Kxh1 e2 $19) 49... Nxf4 50. Ng3 (50. Nd4 Rg7+ 51. Kf1
Rg2 52. Ke1 e3 53. fxe3 Rg1+ 54. Kf2 (54. Kd2 Rxd1+ 55. Kxd1 f2 $19) 54... Rxd1
$19) 50... Rg7 51. Kh2 (51. Kf1 e3 52. fxe3 Nh3) 51... e3 $1 {White king has
not managed to escape the mating problems around the h1 corner.} 52. fxe3 Rh7+
53. Kg1 Nh3+ 54. Kf1 (54. Kh2 Nf2+ $19) 54... Rg7 55. Ne2 Rg2 (55... Rg2 56.
Rd2 (56. Re1 Rf2#) 56... fxe2+ 57. Rxe2 Rg1#) 0-1

[Event "EU-chT (Men) 14th"]
[Site "Plovdiv"]
[Date "2003.10.19"]
[Round "8.2"]
[White "Navara, David"]
[Black "Tiviakov, Sergei"]
[Result "1-0"]
[WhiteElo "2607"]
[BlackElo "2601"]
[Annotator "Ftacnik,L"]
[PlyCount "83"]
[EventDate "2003.10.10"]
[EventType "team-swiss"]
[EventRounds "9"]
[EventCountry "BUL"]
[SourceTitle "CBM 098"]
[Source "ChessBase"]
[SourceDate "2004.02.03"]
[SourceVersion "1"]
[SourceVersionDate "2004.02.03"]
[SourceQuality "1"]
[WhiteTeam "Czech Republic"]
[BlackTeam "Netherlands"]
[WhiteTeamCountry "CSR"]
[BlackTeamCountry "NED"]

1. Nf3 Nf6 2. c4 b6 3. Nc3 Bb7 4. d4 e6 5. a3 d5 6. cxd5 Nxd5 7. Qc2 Nxc3 8.
bxc3 Be7 9. e4 O-O 10. Bd3 c5 11. O-O Qc7 (11... Qc8 12. Qa2 Nd7 13. Qe2 Qc7
14. a4 Rfe8 15. Rd1 h6 16. Bc2 Rac8 17. d5 exd5 18. exd5 Bf6 19. Qd3 Nf8 20.
Qc4 {1-0 Kazhgaleyev,M-Gomez Esteban,J/Istanbul 2000/ (61)}) 12. Qe2 Nd7 13. a4
Rac8 (13... Rfe8 14. Be3 Rac8 15. Nd2 g6 16. f3 Bd6 17. e5 Be7 18. Ne4 f5 19.
exf6 Nxf6 20. Bb5 Bc6 21. Nxf6+ Bxf6 22. Bf2 cxd4 23. cxd4 Qd7 {1/2-1/2 Rivas
Pastor,M-Frias Pablaza,V/Bayamo 1983/ (43)}) 14. Bb2 {White would be happy to
open up the center with chances for a kingside attack, but so far the psoition
is in balance.} e5 (14... Rfe8 15. Rfd1 Nf6 $11) 15. Bb5 (15. Rfd1 c4 16. Bc2
Rfd8 17. d5 Nc5 18. Nd2 (18. Qxc4 Ba6 19. Qa2 Be2 20. Rd2 Bxf3 21. gxf3 Qd6 $15
) 18... Ba6 $11) 15... exd4 (15... Nf6 16. d5 a6 17. Bc4 $14) 16. cxd4 cxd4 (
16... Bf6 17. Rac1 Rfd8 18. e5 $14) 17. Nxd4 Bc5 $6 {Tiviakov has chosen a
very risky path and it called for a maximum caution. It was better to try for
elimination of the pressure along a1-h8 diagonal with 17...Bf6!?} (17... Bf6 $5
18. Nf5 (18. f4 Nc5 19. e5 Be7 20. Nf5 $14) 18... Bxe4 19. Rac1 Nc5 20. Bxf6
Bxf5 21. Be7 Rfe8 22. Bxe8 Rxe8 23. Rfe1 Qd7 $11) 18. Nf5 Ne5 (18... f6 $2 19.
Nxg7 Kxg7 20. Qg4+ Kh8 21. Bxd7 Rcd8 22. Bf5 $16) 19. Kh1 f6 (19... g6 20. Nh6+
(20. f4 gxf5 21. Bxe5 Qe7 22. exf5 f6 $14) 20... Kg7 21. f4 Kxh6 22. fxe5 Qe7
23. Rf6 $40) 20. f4 Ng6 21. e5 $1 Kh8 (21... fxe5 22. fxe5 Ne7 (22... Bd5 23.
Bc4 Rcd8 24. Qd3 Qc6 25. Rad1 Bxc4 26. Qxc4+ Kh8 27. Rxd8 Rxd8 28. e6 $18) 23.
Bc4+ Kh8 24. Nd6 Bxd6 25. exd6 Qxd6 26. Rxf8+ Rxf8 27. Ba3 Qf6 28. Re1 $18) 22.
Rad1 Bc6 (22... fxe5 23. fxe5 (23. Rd7 Rxf5 24. Rxc7 Rxc7 25. Qd1 $14) 23...
Rcd8 24. Rxd8 Qxd8 25. e6 $18) 23. Bxc6 (23. exf6 gxf6 24. Qe6 $1 Qf7 25. Qxf7
Rxf7 26. Bxc6 Rxc6 27. g4 $18) 23... Qxc6 24. Nxg7 $5 {[%mdl 512] White's
position was os good, that it was not necessary to use such strong meassures.
Positional play with 24.Qb5!? would have been very unpleasant for the defender.
} (24. Qb5 $5 Qb7 25. exf6 gxf6 26. Rd7 Rc7 27. Rd8 Qc6 28. Qd3 (28. Qxc6 Rxc6
29. Rd7 Re6 30. g4 Re2 31. Bc3 Rc2 32. Ba1 Ra2 $14) 28... Rcf7 29. Qc4 $16)
24... Kxg7 25. exf6+ Rxf6 (25... Kg8 26. f5 Qe8 27. Qg4 $18) 26. Qg4 Kf7 (26...
h5 27. Bxf6+ Kxf6 28. Qg5+ Kf7 29. f5 $18) (26... Rcf8 27. f5 Kg8 28. Bxf6 Qxf6
29. Qc4+ $18) 27. Bxf6 Kxf6 28. Rd7 Ne7 (28... h6 29. Rh7 Bf8 30. f5 Ne7 31.
Qh4+ Ke5 32. Re1+ $18) 29. Re1 (29. Qh4+ Kf7 (29... Ke6 30. Rxe7+ Bxe7 31. Re1+
$18) 30. Qxh7+ Kf8 31. Rxa7 $18) 29... Kf7 (29... Re8 30. Rxa7 Kf7 31. f5 $16)
30. Qh3 Kg8 (30... h6 31. Rxa7 $16) 31. Qb3+ (31. Rdxe7 $2 Bxe7 32. Rxe7 Qc1+
$19) 31... Kf8 32. Rxa7 Rd8 (32... Qf6 33. Qh3 Re8 34. Rb7 (34. Qxh7 b5 35. Rd7
bxa4 $14) 34... h6 (34... Qxf4 35. Qxh7 $16) 35. Qd3 $14) 33. Qc3 Qg6 $2 {
Black is missing the chances to ease his suffering with timely exchange of the
rook.} (33... Rd7 $1 34. Rxd7 Qxd7 35. Qf6+ Kg8 $14) 34. f5 $1 Qg5 (34... Nxf5
35. Qh8+ Qg8 36. Qf6+ $18) 35. Qh8+ Qg8 (35... Ng8 36. Qxh7 $18) 36. Qe5 Qg5
37. Qh8+ Qg8 38. Qf6+ Qf7 39. Qh6+ (39. Qe5 Kg8 40. h3 $18) 39... Qg7 40. Qh4
Qd4 (40... Bd4 41. Rexe7 Bf6 42. Rf7+ Qxf7 43. Rxf7+ Kxf7 44. Qxh7+ Kf8 45. g4
$18) 41. Qxh7 Qf6 42. Rf1 {We both had arounds 2 minutes (and 30-second
increments) left here but then came a blackout in a literal sense, the
lighting in the playing hall collapsed. The Netherlands were leading 1.5 -0.5
at the moment but their players had to defend two inferior positions. After a
couple of minutes of waiting in the dark hall the captains agreed to a result
2-2. Grandmaster Tiviakov consequently had to resign, even though his position
might have been slightly better than GM Nijboer's. (Navara)} 1-0

[Event "Corus-B"]
[Site "Wijk aan Zee"]
[Date "2006.01.29"]
[Round "13"]
[White "Jobava, Baadur"]
[Black "Naiditsch, Arkadij"]
[Result "1-0"]
[WhiteElo "2614"]
[BlackElo "2657"]
[Annotator "Ftacnik,L"]
[PlyCount "71"]
[EventDate "2006.01.14"]
[EventType "tourn"]
[EventRounds "13"]
[EventCountry "NED"]
[EventCategory "15"]
[SourceTitle "CBM 111"]
[Source "ChessBase"]
[SourceDate "2006.04.04"]
[SourceVersion "1"]
[SourceVersionDate "2006.04.04"]
[SourceQuality "1"]

1. d4 Nf6 2. c4 e6 3. Nf3 b6 4. Nc3 Bb7 5. a3 d5 6. cxd5 Nxd5 7. e3 Be7 8. Bb5+
c6 9. Bd3 O-O 10. O-O c5 11. e4 cxd4 {The merit of this move is clear, as
black avoids playing against the mighty pawn center. On the other hand white's
attacking chances in the ensuing position are quite substantial.} (11... Nxc3
12. bxc3 Nc6 (12... Qc7 13. Qe2 Nd7 14. e5 Bd5 15. Ng5 h6 16. Nh3 cxd4 17. cxd4
Rfc8 18. Qg4 Kh8 19. Bd2 f5 20. Qh5 Qb7 21. Nf4 {1-0 Cebalo,M (2485)
-Summermatter,D (2385)/Luzern 1989 (68)}) (12... cxd4 13. cxd4 Nc6 14. Bb2 Bf6
15. e5 Be7 16. Qe2 Na5 17. Nd2 Rc8 18. Rad1 Qd5 19. f4 g6 20. Be4 Qd7 21. Bxb7
Qxb7 22. Ne4 Nc4 {1/2-1/2 Wang Yuemin-Sun Qinan (2250)/China 1987/ (54)}) 13.
Be3 cxd4 14. cxd4 Bf6 15. Bc2 Rc8 16. Rc1 e5 17. d5 Na5 18. Bd3 Qd6 19. Qa4 Be7
20. Rxc8 Bxc8 21. Rc1 {1/2-1/2 Balashov,Y (2540)-Romanishin,O (2485)/Vilnius
1975 (53)}) 12. Nxd5 exd5 13. e5 Nd7 14. Re1 Re8 (14... Nc5 15. Nxd4 Ne6 16.
Nxe6 fxe6 17. Qh5 Rf5 18. Bxf5 exf5 19. Be3 {1-0 Ayupov,D (2347)-Borsuk,K/St
Petersburg 2002 (31)}) 15. b4 (15. Bf5 Nf8 16. Nxd4 $16) 15... a5 16. Nxd4 Bf8
(16... axb4 17. e6 fxe6 (17... Nf6 18. exf7+ Kxf7 19. Bb5 Rh8 20. Ne6 Qc8 21.
Ng5+ Kf8 22. Bd2 bxa3 23. Rxe7 Kxe7 24. Bb4+ Kd8 25. Nf7+ Kc7 26. Bd6#) 18.
Nxe6 Qc8 19. Nxg7 $1 Kxg7 20. Qg4+ Kh8 21. Qh5 Nf6 22. Bb2 $18) 17. e6 $1 {
Excellent and logical idea of benefiting from the central knight. Very
qyuickly white pieces will occupy threatening locations.} fxe6 (17... Nf6 18.
bxa5 Rxa5 19. Bd2 Rxa3 20. Bb5 Rxe6 21. Nxe6 fxe6 22. Rxa3 Bxa3 23. Rxe6 $16)
18. Nxe6 Qf6 (18... Rxe6 19. Rxe6 axb4 20. Qh5 h6 (20... g6 21. Bxg6 hxg6 22.
Rxg6+ Bg7 23. Rxg7+ Kxg7 24. Bh6+ $18) 21. Qg6 Nf6 22. a4 $18) 19. Bg5 Qf7 20.
Qg4 Bd6 (20... h5 21. Qf5 (21. Qh3 axb4 22. Bd2 Bc5) 21... Qxf5 22. Bxf5 axb4
23. Nc7 Rxe1+ 24. Rxe1 Rc8 25. Nb5 bxa3 26. Bxd7 Ra8 27. Ra1 $16) (20... Nf6
21. Bxf6 Qxf6 22. Bxh7+ Kxh7 23. Qh5+ Kg8 24. Ng5 Rxe1+ 25. Rxe1 Qf5 (25... Qh6
26. Qf7+ Kh8 27. Qxb7) 26. g4 Qc2 27. Qf7+ Kh8 28. Qxb7 $18) 21. Qh4 h6 (21...
Nf6 22. Nxg7 $1 Kxg7 23. Qh6+ Kg8 24. Bxf6 $18) 22. Nxg7 $5 {[%mdl 512] Jobava
is a temperamental player and he choses a spectacular attacking blow.
Objectively better might have been a simply win of exchange with the original
jump 22.Nd8!} (22. Nd8 $1 Rexd8 23. Bxd8 Ne5 24. Rad1 $16) 22... Qxg7 (22...
Rxe1+ 23. Rxe1 hxg5 24. Qh7+ Kf8 25. Ne6+ $18) (22... hxg5 23. Qh7+ Kf8 24.
Qh8+ Qg8 25. Rxe8+ Rxe8 26. Qxg8+ Kxg8 27. Nxe8 $18) 23. Bxh6 Qf7 (23... Qf6
24. Qg4+ Kh8 25. Qxd7 (25. Qh3 Kg8 26. Bh7+ Kh8 27. Bg5 Rxe1+ 28. Rxe1 Qg7 29.
Bf5+ Kg8 30. Be6+ Kf8 31. Qf5+ $18) 25... Rxe1+ (25... Bxh2+ 26. Kf1 Rxe1+ 27.
Rxe1 Qxh6 28. Qxb7 Rf8 29. Qxd5 Bg3 30. Qd4+ Qg7 31. Qxg7+ Kxg7 32. Re7+ Kf6
33. Re3 $18) 26. Rxe1 Qxh6 27. g3 $18) 24. Qg4+ (24. Rxe8+ Rxe8 25. Qg5+ Kh8
26. Bg6 Qf6 27. Qh5 Kg8 (27... Qxa1+ 28. Bc1+ Kg7 29. Qh7+ Kf6 30. Qf7+ Ke5 31.
Qxe8+ Kf6 (31... Kd4 32. Qe3+ Kc4 33. Qd3#) 32. Qf7+ Ke5 33. Qf5+ Kd4 34. Qg4+
Ke5 35. Qg5+ Ke6 36. Bf5+ Kf7 37. Qg6+ $18) 28. Bh7+ Kxh7 29. Bg5+ Kg7 30.
Bxf6+ Nxf6 31. Qg5+ Kf7 32. bxa5 bxa5 33. h4 $14) 24... Kh8 25. Qh4 Kg8 (25...
Be5 $5 26. Rab1 $1 (26. Rac1 Bf6 27. Bg5+ Kg8 28. Bxf6 Nxf6 29. Qg5+ Kf8 30.
Qh6+ Kg8 $11) 26... Bf6 (26... axb4 27. Bd2+ Kg8 28. Rxb4 $16) 27. Bg5+ Kg8 28.
bxa5 Rxe1+ (28... Qg7 29. Rxe8+ Rxe8 30. Bxf6 Nxf6 31. axb6 d4 32. g3 $16) 29.
Rxe1 bxa5 30. Bxf6 Nxf6 31. Re3) (25... Re5 26. Rxe5 Bxe5 27. Re1 Re8 28. Re3
Re6 29. Rh3 Kg8 30. Qg5+ $18) 26. Qg5+ Kh8 27. Bg6 $1 {It was not easy to
guess how best to proceed with an attack, since there is no direct decision.}
Rxe1+ 28. Rxe1 Qg8 (28... Qf6 29. Qh5 Kg8 30. Bh7+ Kxh7 31. Bg5+ Kg7 32. Bxf6+
Nxf6 33. Qg5+ Kf7 34. bxa5 bxa5 35. Qf5 Bc8 36. Qd3 $16) 29. Re3 (29. Qh5 Nf6
30. Qf5 Rf8 31. Qh3 Bc8 32. Qh4 $18) 29... Bf4 30. Qh4 $1 {The last exact move,
black king is so pressed down that any danger to him tends to be terminal.} (
30. Qxf4 Qxg6 31. Bg7+ Qxg7 32. Rh3+ Kg8 33. Rg3 Re8 $14) 30... Qxg6 (30...
Bxe3 31. Bg5+ (31. Bf8+ Qh7 32. Qxh7#) 31... Kg7 32. Qh6#) 31. Bxf4+ Qh7 (31...
Kg8 32. Rg3 $18) 32. Qxh7+ Kxh7 33. Re7+ Kg6 34. Rxd7 axb4 (34... Bc8 35. Rd6+
Kf5 36. g3 $18) 35. Rxb7 bxa3 36. g4 (36. g4 a2 37. Rxb6+ Kh7 38. Be5 $18) 1-0

[Event "Reykjavik Hrokurinn"]
[Site "Reykjavik"]
[Date "2003.02.22"]
[Round "5"]
[White "Kortschnoj, Viktor Lvovich"]
[Black "Adams, Michael"]
[Result "1-0"]
[WhiteElo "2642"]
[BlackElo "2734"]
[Annotator "Ftacnik,L"]
[PlyCount "81"]
[EventDate "2003.02.18"]
[EventType "tourn"]
[EventRounds "9"]
[EventCountry "ISL"]
[EventCategory "15"]
[SourceTitle "CBM 094"]
[Source "ChessBase"]
[SourceDate "2003.05.26"]
[SourceVersion "1"]
[SourceVersionDate "2003.05.26"]
[SourceQuality "1"]

1. d4 Nf6 2. c4 e6 3. Nf3 b6 4. a3 Ba6 5. e3 d5 6. Nbd2 Be7 7. b3 O-O 8. Bb2 c5
9. Bd3 cxd4 10. exd4 Nc6 11. O-O Rc8 12. Re1 Re8 13. Rc1 Bb7 (13... dxc4 14.
bxc4 Bb7 $13) 14. Nf1 Bf8 15. Ng3 g6 (15... dxc4 16. bxc4 Na5 17. Ne5 $14) 16.
c5 $1 {White's best bet is to try for some queenside pawn majority.} a5 17. Bb5
Bh6 18. Rb1 Nd7 (18... bxc5 19. dxc5 Bg7 20. b4 Qc7 21. Ba4 $16) 19. Bc1 Bg7 (
19... Bxc1 20. Rxc1 bxc5 21. dxc5 Qe7 22. Nd4 e5 23. Bxc6 Bxc6 24. f4 Qf6 25.
fxe5 Nxe5 26. Qd2 $14) 20. b4 axb4 21. axb4 Na7 22. Ba4 $1 (22. Bd3 e5 23. Ra1
Ra8 $11) 22... h6 (22... b5 23. Bb3 Nc6 24. Bg5 Qc7 25. Qd2 $14) 23. Qd3 (23.
cxb6 $6 Nc6 $11) 23... bxc5 (23... Qc7 $2 24. cxb6 $18) 24. bxc5 Bc6 25. Bc2
Rb8 {Adams have managed to hold his own, but the knight on a7 remains an ugly
located piece.} (25... Qf6 26. Ne2 e5 27. dxe5 Nxe5 28. Nxe5 Qxe5 29. Bb2 $14)
26. Bf4 Rxb1 27. Rxb1 Qa5 28. h4 (28. Qe3 $5 g5 29. Be5 $14) 28... Bb5 (28...
e5 29. Bd2 Qd8 30. dxe5 Nxe5 31. Nxe5 Rxe5 32. h5 Re6 33. Ne2 $16) 29. Qe3 Nf6
$2 {[%mdl 8192] Serious tactical mistake with great consequences, white's fine
retreat with a queen surpisingly multiplies dangerous threats.} (29... h5 30.
Ne2 Nc6 31. Nc3 Bc4 32. Ba4 $14) 30. Qc1 $1 (30. Bxh6 Ng4 31. Qd2 Qxd2 32. Bxd2
e5 33. dxe5 Nxe5 34. Nd4 $16) 30... Qc3 (30... h5 31. Ra1 Qd8 32. Rxa7 $18) (
30... Nc6 31. Bxh6 Rb8 32. h5 $40) 31. Rb3 Qc4 (31... Qa5 32. Ra3 $18) 32. Qb2
Ba4 (32... Bd7 33. Bd3 Qa4 34. Ra3 Qd1+ 35. Bf1 Ba4 36. Ra1 Qc2 37. Qxc2 Bxc2
38. Rxa7 $18) 33. Nd2 (33. Ne5 Qa6 34. Ra3 $18) 33... Bxb3 (33... Qa6 34. Ra3
Qb5 35. Qxb5 Nxb5 36. Rxa4 Nxd4 37. Rxd4 e5 38. Ba4 Re7 39. Bxe5 Rxe5 40. Kf1
$18) 34. Nxc4 dxc4 (34... Bxc4 35. Ba4 Rf8 36. Bd6 $18) 35. Bxb3 cxb3 36. Qxb3
{Black has lost a queen and a pawn and his poor knight still sits on a7, white
is winning.} Nd5 37. Qa4 Rd8 38. Bxh6 Bxh6 39. Qxa7 Bg7 40. c6 Rc8 41. Ne4 1-0

[Event "NED-ch49"]
[Site "Amsterdam"]
[Date "1994.06.16"]
[Round "10"]
[White "Van Wely, Loek"]
[Black "Nijboer, Friso"]
[Result "1-0"]
[WhiteElo "2570"]
[BlackElo "2530"]
[Annotator "Ftacnik,L"]
[PlyCount "57"]
[EventDate "1994.06.04"]
[EventType "tourn"]
[EventRounds "11"]
[EventCountry "NED"]
[EventCategory "11"]
[SourceTitle "CBM 042"]
[Source "ChessBase"]
[SourceDate "1994.10.01"]
[SourceVersion "1"]
[SourceVersionDate "1994.10.01"]
[SourceQuality "1"]

1. d4 Nf6 2. c4 e6 3. Nf3 b6 4. Nc3 Bb7 5. a3 d5 6. cxd5 exd5 7. Bg5 Be7 8.
Qa4+ Nbd7 9. Bxf6 Bxf6 10. g3 c5 (10... a6 {Van Wely,L-Van der Wiel,J/Wijk/
1993/}) 11. Bh3 a6 12. dxc5 b5 $2 13. Qb4 $1 (13. Qf4 Nxc5 14. Nd4 Ne4 $13 {
Stohl}) 13... d4 14. Rd1 O-O (14... Ne5 15. O-O Nxf3+ 16. exf3 Bxf3 17. Rfe1+
Kf8 18. Rd3 $16) 15. O-O dxc3 (15... Ne5 16. Nxd4 $16) 16. Rxd7 Qc8 (16... Qb8
17. bxc3 Bxf3 18. exf3 a5 19. Qb3 $16) 17. bxc3 a5 (17... Bxf3 18. exf3 Qc6 19.
Rd6 Qc7 20. Rfd1 $16 (20. Rxf6 $6 gxf6 21. Bf5 Rfd8 22. Qh4 Qe5 $14)) 18. Qb3
Bxf3 19. Rxf7 $1 a4 20. Qa2 Rxf7 (20... Qxh3 21. Rxf6+ Kh8 22. Rxf3 $18) 21.
Bxc8 Rxc8 22. exf3 Rxc5 23. Rd1 Rxc3 24. Qe6 Kf8 25. Qd6+ Re7 (25... Kg8 26.
Qb8+ Rf8 27. Qxb5 Rxa3 $2 28. Qc4+ Kh8 29. Qc5 $18) 26. Qb8+ Kf7 27. Qxb5 Rxa3
28. Qh5+ g6 29. Qxh7+ 1-0